000 00527nam a2200181Ia 4500
008 240925s9999 xx 000 0 und d
020 _a9789332584044
082 _a005.265 MAZ
100 _aMazidi, Muhammad Ali
245 4 _aThe x86 PC: Assembly Language, Design and Interfacing
250 _a5th
260 _aNew Delhi:
_bPearson Education
_c,2017.
300 _a781p.
_b0
_fOriginal
500 _aIncludes Index
600 _aComputer Science
650 _aComputer science, information & general works
942 _cBK
999 _c13912
_d13912